000 00607nam a2200241 a 4500
001 nice12345678
003 IN_TiNIC
005 20260116012003.0
008 050524s1976 mada grp 000 0 eng
020 _a
_c1.5
082 0 0 _a232.1
_bPRE
100 _aPremsagar, Victor
245 _aHe Emptied Himself
260 _aMadras
_bChristian Literature Society
_c1976
300 _a49p
500 _aincludes index and biblioraphy
505 2 _afour volumes bound together
650 _aJesus Christ-Divinity
700 1 _aPremsagar, Victor
902 _bSRS
942 _cBK
999 _c5171
_d5171